000
00238nam a2200097Ia 4500
001
646010
005
20250826153634.0
008
250824s9999 xx 000 0 und d
245
0
_a
FETİH YOLUNDA
_c
İSMAİL BİLGİN
260
_b
GENÇ TİMAŞ
999
_c
646010
_d
646010